Ciberseguridad paso a paso: diseña tu estrategia (Registro nro. 13891)

Detalles MARC
000 -Cabecera
Campo de control de longitud fija 01541nam a2200565 4500
005 - Fecha y hora de la última transacción
Campo de control 20260204123608.0
008 - Elementos de longitud fija--Información general
Campo de control de longitud fija 260204b2023 |||||||| |||| 00| 0 spa d
020 ## - International Standard Book Number
Número Internacional Estándar del Libro (ISBN) 9788441548112
041 ## - Idioma
Código de idioma Español
082 ## - Clasificación Decimal Dewey
Número de clasificación 005.8 C112c
100 ## - Entrada principal--Autor personal
Nombre personal Caballero Velasco, María Ángeles
245 ## - Título propiamente dicho
Título Ciberseguridad paso a paso: diseña tu estrategia
260 ## - Pie de imprenta
Lugar de publicación, distribución, etc. España
260 ## - Pie de imprenta
Nombre del editor, distribuidor, etc. Anaya
260 ## - Pie de imprenta
Fecha de publicación, distribución, etc. 2023
300 ## - Descripción física
Extensión 599 páginas
490 ## - Serie
Título de la Serie Tecnologías de la Información
490 ## - Serie
Título de la Serie Big Data
650 ## - Materia general
Temática (materia general) SEGURIDAD DE LOS DATOS
650 ## - Materia general
Temática (materia general) CIBERSEGURIDAD
650 ## - Materia general
Temática (materia general) NUEVA ERA DIGITAL
650 ## - Materia general
Temática (materia general) INTERNET
650 ## - Materia general
Temática (materia general) BIG DATA
650 ## - Materia general
Temática (materia general) INTELIGENCIA ARTIFICIAL
650 ## - Materia general
Temática (materia general) TECNOLOGÍAS
650 ## - Materia general
Temática (materia general) HACKER
650 ## - Materia general
Temática (materia general) AMENAZAS
650 ## - Materia general
Temática (materia general) CIBERAMENAZAS
650 ## - Materia general
Temática (materia general) CYBERSECURITY FRAMEWORK
650 ## - Materia general
Temática (materia general) DOMINIOS
650 ## - Materia general
Temática (materia general) NEGOCIOS
650 ## - Materia general
Temática (materia general) ORGANIZACIÓN
650 ## - Materia general
Temática (materia general) PROTECCIÓN DE LA RED
650 ## - Materia general
Temática (materia general) FIREWALLS
650 ## - Materia general
Temática (materia general) PREVENCIÓN DE INTRUSOS
650 ## - Materia general
Temática (materia general) ARQUITECTURA DE SEGURIDAD
650 ## - Materia general
Temática (materia general) PROTECCIÓN DE DATOS
650 ## - Materia general
Temática (materia general) PRIVACIDAD
650 ## - Materia general
Temática (materia general) PROTECCIÓN DE APLICACIONES
650 ## - Materia general
Temática (materia general) PROTECCIÓN DE IDENTIDAD
650 ## - Materia general
Temática (materia general) PROTECCIÓN DE LAS REDES SOCIALES
650 ## - Materia general
Temática (materia general) PLAN DE CIBERSEGURIDAD
650 ## - Materia general
Temática (materia general) MACARENA BAKES
650 ## - Materia general
Temática (materia general) CYBER NEGOCIO
650 ## - Materia general
Temática (materia general) PROTECCIÓN DEL NEGOCIO
650 ## - Materia general
Temática (materia general) CIBERSEGURIDAD EN CLOUD
650 ## - Materia general
Temática (materia general) TIPOS DE NUBE
650 ## - Materia general
Temática (materia general) ESTRATEGIA DE SEGURIDAD
942 ## - Punto de acceso adicional KOHA
Fuente del sistema de clasificación o colocación Dewey Decimal Classification
Tipo de ítem KOHA Libro
Existencias
Signatura completa Código de barras Programa Académico Tipo de ítem
005.8 C112c 26176   Libro
005.8 C112c 26178   Libro
005.8 C112c 26177   Libro